Statistics for Bundesliga All-time table Top 20

Click here to take the quiz!

General Stats

  • This quiz has been taken 105 times
  • The average score is 17 of 20

Answer Stats

#PldCurrent lvlLatest seasonPtsGDTeam% Correct
11,942I2022-233,9242,215Bayern München
100%
21,866I2022-233,008751Borussia Dortmund
99%
41,866II2017-182,733275Hamburger SV
99%
71,798I2022-232,5320FC Schalke 04
98%
51,866I2022-232,732324VfB Stuttgart
95%
101,466I2022-232,301527Bayer 04 Leverkusen
94%
31,934I2022-232,886375Werder Bremen
94%
121,318I2022-231,742-188Hertha BSC
93%
61,840I2022-232,719452Borussia Mönchengladbach
92%
81,798I2022-232,43838Eintracht Frankfurt
92%
91,696I2022-232,4152121. FC Köln
91%
15850I2022-231,19241VfL Wolfsburg
89%
161,016II2018-191,174-349Hannover 96
88%
111,492II2011-122,09441. FC Kaiserslautern
82%
141,118II2018-191,318-3661. FC Nürnberg
79%
18854II2019-201,024-273Fortuna Düsseldorf
72%
131,194I2022-231,416-299VfL Bochum
66%
20706II2013-14903-149Eintracht Braunschweig
54%
19812II2008-09953-315Karlsruher SC
47%
17948III2007-081,147-229MSV Duisburg
47%

Score Distribution

Percentile by Number Answered

Percent of People with Each Score

Your Score History

You have not taken this quiz